Úspěch není náhoda rádce pro podnikatele, kteří chtějí obstát ve všech situacích

Salvato in:
Dettagli Bibliografici
Autore principale: Čechová, Alena
Natura: Libro
Lingua:ceco
Pubblicazione: Praha Granit, s.r.o. 1998
Soggetti:
Tags: Aggiungi Tag
Nessun Tag, puoi essere il primo ad aggiungerne!!

MARC

LEADER 00000nam a2200000 4500
001 c137990
005 20221109094659.0
020 |a 80-85805-65-0 
041 0 |a cze 
044 |a CZ 
245 1 0 |a Úspěch není náhoda  |b rádce pro podnikatele, kteří chtějí obstát ve všech situacích  |c Alena Čechová 
264 1 |a Praha  |b Granit, s.r.o.  |c 1998 
300 |a 171 s. 
610 2 0 |a podnikanie 
610 2 0 |a podnikatelia 
610 2 0 |a správanie 
610 2 0 |a manažerizmus 
610 2 0 |a aktivita spoločenská 
610 2 0 |a správanie sociálne 
610 2 0 |a imidž 
610 2 0 |a administratíva 
610 2 0 |a reklama 
610 2 0 |a inzercia 
610 2 0 |a čas voľný 
100 1 |a Čechová, Alena